Finance Management Quiz Stats

 Plays Quiz not verified by Sporcle

Challenge
Share
Tweet
Embed
Score 0/9 Timer 10:00
0 Plays Today
Hint Answer % Correct
What is a business owned by an individual?Sole proprietorship
59.2%
Sales-Expenses=?????profits
53.1%
What is the market for short term debt instraments?money market
28.6%
The goal of the firm is to maximize what?shareholders wealth
16.3%
Current Assets-Current liabilities=???net working capital
16.3%
What is the prime source of finds for start-up companies?Venture Capitalist
12.2%
Total Assets-Total Liability=?????stockholders equity
12.2%
Revenue-Cost of goods sold=????gross margin profit
2%
0%

You're not logged in!

Compare scores with friends on all Sporcle quizzes.
OR
Log In

You Might Also Like...

Show Comments

Extras

Created Feb 20, 2014ReportNominate
Tags:finance, management

Top Quizzes Today


Score Distribution

Your Account Isn't Verified!

In order to create a playlist on Sporcle, you need to verify the email address you used during registration. Go to your Sporcle Settings to finish the process.

Report this User

Report this user for behavior that violates our Community Guidelines.

Details: